Boundary value problems of mathematical physics / (Record no. 24082)

MARC details
000 -LEADER
fixed length control field 01295cam a2200349 i 4500
001 - CONTROL NUMBER
control field 11855936
003 - CONTROL NUMBER IDENTIFIER
control field EG-ScBUE
005 - DATE AND TIME OF LATEST TRANSACTION
control field 20241022084938.0
008 - FIXED-LENGTH DATA ELEMENTS--GENERAL INFORMATION
fixed length control field 991206t2000 paua f b 001 0 eng d
020 ## - INTERNATIONAL STANDARD BOOK NUMBER
International Standard Book Number 0898714567 (set)
020 ## - INTERNATIONAL STANDARD BOOK NUMBER
International Standard Book Number 9780898714562 (set)
040 ## - CATALOGING SOURCE
Original cataloging agency DLC
Language of cataloging eng
Description conventions rda
Transcribing agency DLC
Modifying agency DLC
-- EG-ScBUE
082 04 - DEWEY DECIMAL CLASSIFICATION NUMBER
Edition number 22
Classification number 517.38
Item number STA
100 1# - MAIN ENTRY--PERSONAL NAME
Personal name Stakgold, Ivar,
Relator term author.
245 10 - TITLE STATEMENT
Title Boundary value problems of mathematical physics /
Statement of responsibility, etc Ivar Stakgold, University of Delaware, Newark, Delaware.
264 #1 - PUBLICATION, DISTRIBUTION, ETC. (IMPRINT)
Place of publication, distribution, etc Philadelphia :
Name of publisher, distributor, etc Society for Industrial and Applied Mathematics,
Date of publication, distribution, etc [2000]
264 #4 - PUBLICATION, DISTRIBUTION, ETC. (IMPRINT)
Date of publication, distribution, etc c2000
300 ## - PHYSICAL DESCRIPTION
Extent 2 volumes :
Other physical details illustrations ;
Dimensions 23 cm
336 ## - CONTENT TYPE
Source rdacontent
Content type term text
Content type code txt
337 ## - MEDIA TYPE
Media type term unmediated
Source rdamedia
Media type code n
338 ## - CARRIER TYPE
Carrier type term volume
Carrier type code nc
Source rdacarrier
490 0# - SERIES STATEMENT
Series statement Classics in applied mathematics ;
Volume number/sequential designation 29
500 ## - GENERAL NOTE
General note Originally published: New York : Macmillan, 1967-1968, in series: Macmillan series in advanced mathematics and theoretical physics.
504 ## - BIBLIOGRAPHY, ETC. NOTE
Bibliography, etc Includes bibliographical references and index.
505 0# - FORMATTED CONTENTS NOTE
Formatted contents note Volume 1 -- Volume 2.
650 #7 - SUBJECT ADDED ENTRY--TOPICAL TERM
Topical term or geographic name as entry element Boundary value problems.
Source of heading or term BUEsh
9 (RLIN) 18377
650 #7 - SUBJECT ADDED ENTRY--TOPICAL TERM
Topical term or geographic name as entry element Mathematical physics.
Source of heading or term BUEsh
9 (RLIN) 6575
651 ## - SUBJECT ADDED ENTRY--GEOGRAPHIC NAME
Source of heading or term BUEsh
653 ## - INDEX TERM--UNCONTROLLED
Resource For college Engineering, General
Arrived date list February2017
655 ## - INDEX TERM--GENRE/FORM
Form subdivision Reading book
942 ## - ADDED ENTRY ELEMENTS (KOHA)
Source of classification or shelving scheme Dewey Decimal Classification
Koha item type Book - Borrowing
Holdings
Withdrawn status Lost status Source of classification or shelving scheme Damaged status Not for loan Collection code Home library Current library Shelving location Date acquired Source of acquisition Cost, normal purchase price Total Checkouts Total Renewals Full call number Barcode Date last seen Date checked out Cost, replacement price Koha item type Public note
    Dewey Decimal Classification     Baccah Central Library Central Library First floor 07/02/2017 Purchase 2165.00 3 7 517.38 STA 000041104 15/07/2025 10/07/2019 2706.00 Book - Borrowing Vol. 1.
    Dewey Decimal Classification     Baccah Central Library Central Library First floor 07/02/2017 Purchase 2165.00 8 7 517.38 STA 000041105 15/07/2025 11/07/2019 2706.00 Book - Borrowing Vol. 2.